| 000 | 00643nam a2200217 i 4500 | ||
|---|---|---|---|
| 001 | sa 64003935 | ||
| 003 | DLC | ||
| 005 | 20260227112021.0 | ||
| 008 | 811023s1962 ii 00001 kan | ||
| 010 | _asa 64003935 //r81 | ||
| 025 | _aPL480:I-Kan-280 | ||
| 050 | 0 |
_aPL4658 _b.A78 |
|
| 082 | 0 |
_a894/.8147/08 _219 |
|
| 245 | 0 | 0 |
_aĀśākiraṇa : _bsaṇṇakathegaḷa saṅkalana / _csampadākaru Basavarāja Kestūr. |
| 260 | 0 |
_aMaisūru : _bKarnāṭaka Sāhityalāya, _c[1962] |
|
| 300 |
_a36 p. ; _c18 cm. |
||
| 500 | _aIn Kannada. | ||
| 650 | 0 | _aShort stories. | |
| 650 | 0 | _aShort stories, Kannada. | |
| 700 | 1 | 0 | _aKestūr, Basavarāja. |
| 999 |
_c58205 _d58205 |
||